000 00564nam a2200181Ia 4500
003 GCL
008 140319s9999 xx 000 0 ara d
040 _aGCL /
_cGCL
082 0 4 _a810.972
_bم ا
100 1 _aمحمد زغلول سلام
245 1 0 _aالادب فى العصر الفاطمى الكتابه والكتاب /
_cمحمد زغلول سلام
260 _a[S.N] :
_bمكتبه النهضه المصريه ،
_c1988
300 _a522 ص
490 _a
650 0 4 _aالادب العربى
650 0 4 _aتاريخ ونقد
942 _2ddc
_cBK
999 _c53733
_d53733